Entry Topical Term
Number of records used in: 1316
001 - CONTROL NUMBER
003 - CONTROL NUMBER IDENTIFIER
005 - DATE AND TIME OF LATEST TRANSACTION
- control field:
20200521131701.0
008 - FIXED-LENGTH DATA ELEMENTS
- fixed length control field:
200521|| aca||aabn | a|a d
040 ## - CATALOGING SOURCE
- Original cataloging agency:
OSt
- Transcribing agency:
OSt
150 ## - HEADING--TOPICAL TERM
- Topical term or geographic name as entry element:
LAW
670 ## - SOURCE DATA FOUND
- Source citation:
Work cat.: (OSt): Mahajan's V.D 5700, Jurisprudence and Legal Theory